Rakecy a jich serbske stawizny

Titel: Rakecy a jich serbske stawizny
Verfasser:
In: Rozhlad, Band 42, Heft 5 (1992), Seite 167-169
alle Artikel anzeigen
Veröffentlicht: 1992
Format: Aufsatz
Sprache: Sorbisch
Kein Bild verfügbar
X
alg: 39463113
001A    $01999:12-11-16 
001B    $03025:08-03-24 $t14:55:18.000 
001D    $01999:12-11-16 
001U    $0utf8 
001X    $00 
002@    $0Aox 
003@    $0394631137 
007A    $0394631137 $aHEB 
007T    $0Herdww001240 
010@    $awen 
011@    $a1992 
021A    $aRakecy a jich serbske stawizny 
028A    $#Musiat, Zygmunt $71089144202 $8Musiat, Siegmund$Z1930-2017 [Tp1] $9374353212 
031A    $d42 $e5 $h167-169 $j1992 
039B    $aIn $8--Abvc--. Rozhlad. - Bautzen : Domowina, 1950-. - ISSN 0557-4250 $x199200000420005833 $9047452528 

lok: 39463113 78

exp: 39463113 78 1 #EPN
201B/01 $018-11-16 $t12:12:54.000 
201U/01 $0utf8 
203@/01 $0790741601 
208@/01 $a12-11-16 $be 
209A/01 $a/ $f000 $x00 
220C/01 $aTitelaufnehmer: TJ 
220C/01 $aHerkunft: IH UWr 
244Z/01 $2Trx $#Silesia $#Śląsk $#Sliezsko $#Slezsko $8--Trx--Schlesien $x01 $9391173987 
244Z/01 $2Trx $#Germania Slavica $#"Germania Slavica" $#Germania Slavica $#Germania Slavica $#Germania Slavica $#Germania Slavica $#Germania Slavica $8--Trx--Germania Slavica $x02 $9391371002 
244Z/01 $2Trx $#Rakecy Budyšin $8--Trx--Königswartha$gBautzen $x03 $9391350889 
244Z/01 $aGeschichte 1350- $x04 
244Z/01 $2Trx $#ülevaated kohad $#vietovės bendras $#overview cities $#ábrázolások, átfogó helyek $#miejscowości poszczególne $#dejiny miestne $#dějiny místní $#Ortsgeschichte $#Städte $#Orte $#miasta $#miestne dejiny $8--Trx--Darstellungen, übergreifende$gOrte $x05 $9391384228 
244Z/01 $2Trx $8--Trx--Zeitschriftenaufsatz $x06 $9391384341 
247C/01 $82080>Marburg/Lahn, Herder-Institut, Forschungsbibliothek, Bibliographieportal $9336309341
LEADER 00000caa a22000002c 4500
001 394631137
003 DE-603
005 20240308145518.0
007 tu
008 161112s1992 xx |||| | u00||u|wen c
035 |a (DE-599)HEB394631137 
040 |a DE-603  |b ger  |c DE-603  |d DE-603 
041 |a wen 
100 1 |a Musiat, Siegmund  |d 1930-2017  |0 (DE-603)374353212  |0 (DE-588)1089144202  |2 gnd 
245 0 0 |a Rakecy a jich serbske stawizny 
264 0 |c 1992 
773 0 8 |i In  |t Rozhlad  |d Bautzen : Domowina, 1950-  |h 24 cm  |x 0557-4250  |g Band 42, Heft 5 (1992), Seite 167-169  |w (DE-603)047452528  |w (DE-600)280835-3 
924 0 |9 2080  |a (DE-603)790741601  |b DE-2080  |c HES  |d d  |g /